000 00659nam a2200289Ia 4500
005 20260324143821.0
008 008 260324s9999 xx 000 0 eng d
020 _a9781351070607
037 _aEBOOK
040 _aCRL
040 _beng
040 _cCRL
041 _2eng
041 _aeng
084 _qCRL
100 _aDavid R. Burgard
_91217031
245 0 _aChemometrics
245 0 _bChemical and Sensory Data
260 _bTaylor and Francis
260 _c1990
365 _a
365 _b110
856 _uhttp://www.taylorfrancis.com/books/9781351070607
942 _cEBOOK
999 _c1822885
_d1822885